=LDR 00000nam 2200000 4500 =001 INLIS000000000051250 =005 20221108075159 =035 ##$$a 0010-0917000054 =007 ta =008 221108###########################0###### =020 ##$$a 978-602-1130-07-0 =082 ##$$a 297.5 =084 ##$$a 297.5 UMM a =100 #$$a Ummu Rania =245 1#$$a Aku Anak Soleh Berakhlak Mulia /$c Ummu Rania =260 ##$$a Surakarta :$b Ziyad Books,$c 2014 =300 ##$$a 144 hlm : $b ilus. ; $c 24 cm =650 #4$$a Akhlak =990 ##$$a 21702050 =990 ##$$a 21702049 =990 ##$$a 21702048 =990 ##$$a 21702047 =990 ##$$a 21702046